| 000 | 00971nam a2200229 a 4500 | ||
|---|---|---|---|
| 001 | 000040674 | ||
| 005 | 20201002034309.0 | ||
| 008 | 130905s1999 sp 000 0 spa d | ||
| 020 | _a8420642479 (v.1) | ||
| 020 | _a8420642487 (v.2) | ||
| 040 |
_aDO-SdBNP _bspa _cBNPHU |
||
| 100 | 1 |
_aCastells, Manuel, _d1942- _934094 |
|
| 240 | 1 | 0 |
_aThe information age : economy, society and culture. _lespañol |
| 245 | 1 | 3 |
_aLa era de la información : Economía, sociedad y cultura / _cManuel Castells ; versión castellana de Carmen Martínez Gimeno. |
| 260 |
_aMadrid : _bAlianza Editorial, _c1999. |
||
| 300 |
_aV. ; _c23 cm. |
||
| 500 | _aLa biblioteca posee el v.1, cuarta reimpresión 1999 : v. 2 Sexta reimpresión 2002 | ||
| 504 | _aBibligrafía : p. 395-424 | ||
| 504 | _aIncluye referencias biobliográficas y notas al pie de las páginas | ||
| 505 | 0 |
_av. I : _tLa sociedad red -- _gv. 2 : _tEl poder de la identidad -- |
|
| 700 | 1 |
_aMartínez Gimeno, Carmen _etr. _967040 |
|
| 999 |
_c40164 _d40164 |
||